000 00455nam a2200169Ia 4500
008 240729s9999 xx 000 0 und d
022 _a2516-5410
245 0 _aWorld Journal of Pediatric Surgery
260 _aUnited Kingdom
260 _bBMJ Publishing Group
650 _a Pediatrics | Medicine
650 _a Surgery
650 _aMedicine
856 _uhttps://doaj.org/toc/f06a95d924804b0193336dcd30139396
942 _2ddc
942 _cDOAJEJ
999 _c71112
_d71112
945 _a1
_bMadushi Gamage
_c1
_dMadushi Gamage